[Event "Under 2000"]
[Site "SchemingMind.com"]
[Date "2008.12.27"]
[Round "-"]
[White "schakert"]
[Black "jdcald13"]
[Result "0-1"]
[WhiteCountry "NED"]
[BlackCountry "USA"]
[WhiteElo "1784"]
[WhiteRD "62"]
[BlackElo "1881"]
[BlackRD "78"]
[GameID "185273"]

1. d4 Nf6 2. g3 g6 3. Bg2 Bg7 4. Nf3 O-O 5. c4 c6 6. O-O d5 7. cxd5 cxd5 8. Nc3 Nc6 9. e3 Bg4 10. a3 Rc8
11. Ne5 Bxd1
0-1

[Event "Under 2000"]
[Site "SchemingMind.com"]
[Date "2008.12.27"]
[Round "-"]
[White "jdcald13"]
[Black "schakert"]
[Result "1-0"]
[WhiteCountry "USA"]
[BlackCountry "NED"]
[WhiteElo "1863"]
[WhiteRD "64"]
[BlackElo "1721"]
[BlackRD "60"]
[GameID "185274"]

1. d4 d6 2. e4 Nf6 3. Nc3 Nbd7 4. Nf3 e5 5. dxe5 Nxe5 6. Nxe5 dxe5 7. Qxd8+ Kxd8 8. Bc4 Bb4 9. Bg5 Ke7 10. O-O-O Bxc3
11. bxc3 Be6 12. Bb3 Rad8 13. f3 h6 14. Be3 b6 15. Rd3 c5 16. Bxe6 Kxe6 17. Rhd1 Ke7 18. Kb2 Rd7 19. a4 Rhd8 20. Kb3 Ne8
21. a5 Nc7 22. axb6 axb6 23. g3 f6 24. f4 exf4 25. gxf4 Ne6 26. Kc4 g5 27. fxg5 hxg5 28. Kb5 Rb7 29. Rxd8 Nxd8 30. e5 Rb8
31. exf6+ Kxf6 32. Rd6+
1-0

[Event "Under 2000"]
[Site "SchemingMind.com"]
[Date "2008.12.31"]
[Round "-"]
[White "jtrochez1"]
[Black "jdcald13"]
[Result "0-1"]
[WhiteCountry "HON"]
[BlackCountry "USA"]
[WhiteElo "1546"]
[WhiteRD "48"]
[BlackElo "1849"]
[BlackRD "66"]
[GameID "185640"]

1. e4 e6 2. d4 d5 3. e5 c5 4. c3 Nc6 5. Nf3 Qb6 6. Be2 cxd4 7. O-O dxc3 8. Nxc3 Nge7 9. Qc2 Ng6 10. Bb5 Bd7
11. Qe2 Ncxe5 12. Bxd7+ Nxd7 13. Be3 Bc5 14. Bxc5 Qxc5 15. g3 O-O 16. Qb5 Qxb5 17. Nxb5 a6 18. Nbd4 Rac8 19. Rac1 Ne7 20. Rfe1 Rxc1
21. Rxc1 Rc8 22. Rxc8+ Nxc8 23. b4 Nd6 24. a4 Kf8 25. Nb3 b6 26. Kf1 Ke7 27. Ke2 e5 28. Nfd2 Ke6 29. f3 f5 30. h3 Nc4
31. Nxc4 dxc4 32. Nc1 Kd5 33. Ke3 g5 34. Ne2 Nf6 35. Nc3+ Kc6 36. f4 gxf4+ 37. gxf4 Nd5+ 38. Nxd5 Kxd5 39. fxe5 Kxe5 40. Kd2 Kd4
41. h4 c3+ 42. Kc2 f4
0-1

[Event "Under 2000"]
[Site "SchemingMind.com"]
[Date "2008.12.31"]
[Round "-"]
[White "jtrochez1"]
[Black "schakert"]
[Result "1-0"]
[WhiteCountry "HON"]
[BlackCountry "NED"]
[WhiteElo "1559"]
[WhiteRD "50"]
[BlackElo "1784"]
[BlackRD "62"]
[GameID "185641"]

1. e4 e5 2. Nf3 Nc6 3. d3 Nf6 4. h3 d5 5. Bg5 Be7 6. Bxf6 Bxf6 7. Nbd2 Be6 8. c3 Bg5 9. Qa4 O-O 10. Qc2 f5
11. O-O-O fxe4 12. dxe4 dxe4 13. Nxg5 e3 14. Nxe6 exd2+ 15. Rxd2
1-0

[Event "Under 2000"]
[Site "SchemingMind.com"]
[Date "2008.12.31"]
[Round "-"]
[White "jdcald13"]
[Black "jtrochez1"]
[Result "1-0"]
[WhiteCountry "USA"]
[BlackCountry "HON"]
[WhiteElo "1849"]
[WhiteRD "66"]
[BlackElo "1546"]
[BlackRD "48"]
[GameID "185642"]

1. c4 g6 2. Nc3 c6 3. e4 Bg7 4. d4 d6 5. f4 e6 6. Nf3 d5 7. cxd5 Ne7 8. dxe6 Bxe6 9. Be3 Nd7 10. Be2 Bf6
11. O-O Nb6 12. Qc2 Rc8 13. Rad1 O-O 14. Kh1 Bc4 15. Ne5 Bxe2 16. Qxe2 Bxe5 17. dxe5 Qe8 18. f5 Kh8 19. e6 fxe6 20. Bd4+ Kg8
21. f6 Ned5 22. exd5 cxd5 23. Qe3 Nd7 24. Be5 a6 25. Rf2 Nxe5 26. Qxe5 Rf7 27. Re1 Rc6 28. Nxd5 b5 29. Ne7+ Rxe7 30. fxe7 Qxe7
31. Rf6 Qxf6 32. Qxf6
1-0

[Event "Under 2000"]
[Site "SchemingMind.com"]
[Date "2008.12.31"]
[Round "-"]
[White "schakert"]
[Black "jtrochez1"]
[Result "0-1"]
[WhiteCountry "NED"]
[BlackCountry "HON"]
[WhiteElo "1705"]
[WhiteRD "60"]
[BlackElo "1546"]
[BlackRD "48"]
[GameID "185643"]

1. d4 d5 2. g3 Nf6 3. Bg2 e6 4. Nf3 h6 5. O-O Nbd7 6. c4 c6 7. Nc3 Bd6 8. Bf4 Bxf4 9. gxf4 Qc7 10. e3 dxc4
11. a4 b6 12. Qe2 Ba6 13. Qc2 g5 14. Ne5 Nxe5 15. fxe5 O-O-O 16. exf6 h5 17. Qe4 g4 18. f4 gxf3 19. Bxf3 Bb7 20. Rad1 Rdg8+
21. Kh1 h4 22. Qc2 h3 23. Ne2 c5 24. e4 Rg2 25. e5 Bxf3 26. Rxf3 Qc6 27. Rdf1 Rhg8 28. Qd1 a5 29. dxc5 bxc5 30. Qe1 Qxa4
31. Nf4 Qc2 32. R3f2 Rxf2 33. Rxf2 Qa4 34. Nxh3 Qc6+
0-1

[Event "Under 2000"]
[Site "SchemingMind.com"]
[Date "2009.01.01"]
[Round "-"]
[White "iwegiel"]
[Black "jtrochez1"]
[Result "1-0"]
[WhiteCountry "POL"]
[BlackCountry "HON"]
[WhiteElo "1938"]
[WhiteRD "71"]
[BlackElo "1559"]
[BlackRD "50"]
[GameID "185991"]

1. c4 g6 2. Nf3 Nc6 3. Nc3 e5 4. d4 Bg7 5. d5 Nd4 6. e4 Nxf3+ 7. Qxf3 d6 8. Bd3 Bd7 9. Be3 Nf6 10. h3 Qe7
11. O-O h6 12. Qe2 Qd8 13. Qd2 Qc8 14. Kh2 g5 15. c5 g4 16. h4 Qd8 17. g3 Qe7 18. Rac1 dxc5 19. Nb5 Bxb5 20. Bxb5+ c6
21. dxc6 Nxe4 22. cxb7+
1-0

[Event "Under 2000"]
[Site "SchemingMind.com"]
[Date "2009.01.02"]
[Round "-"]
[White "iwegiel"]
[Black "jdcald13"]
[Result "1/2-1/2"]
[WhiteCountry "POL"]
[BlackCountry "USA"]
[WhiteElo "1899"]
[WhiteRD "67"]
[BlackElo "1902"]
[BlackRD "65"]
[GameID "185992"]

1. e4 c6 2. d4 d5 3. exd5 cxd5 4. Bd3 Nf6 5. Bf4 Nc6 6. c3 Bg4 7. Qb3 Qd7 8. Nd2 e6 9. Ngf3 Bd6 10. Bxd6 Qxd6
11. O-O O-O 12. Rae1 a6 13. a4 b5 14. axb5 axb5 15. Ne5 b4 16. Nxc6 Qxc6 17. cxb4 Rfb8 18. h3 Bh5 19. b5 Qb6 20. g4 Bg6
21. Be2 Ne8 22. Nf3 Nd6 23. Ra1 h6 24. Ne5 Rxa1 25. Rxa1 Qb7 26. Nxg6 fxg6 27. Qc2 g5 28. Qg6 Qf7 29. Qxf7+ Kxf7 30. Ra3 Rb7
31. Rb3 Ke7 32. Kg2 Kd7 33. Kg3 Ne4+ 34. Kg2 Nd6 35. f3 Nf7 36. Kg3 e5 37. dxe5 Nxe5 38. f4 gxf4+ 39. Kxf4 Kd6 40. Rc3 Rf7+
41. Ke3 Rb7 42. Rb3 Kc5 43. Rc3+ Nc4+ 44. Bxc4 dxc4 45. b3 Rxb5 46. Rxc4+ Kd5 47. Rc3 Ke5 48. Kd2 Kf4 49. Kc2 h5 50. gxh5 Rxh5
51. b4 g5 52. Kb3 Ke5 53. Kc4 Kd6 54. Kb3 Rh4 55. Ka4 g4 56. hxg4 Rxg4 57. Kb5 Rg8 58. Rc6+ Kd7 59. Rc3 Rb8+= 60. Ka4 Ra8+
61. Kb3 Rc8 62. Rxc8 Kxc8 63. Ka4 Kb8= 64. Kb5 Kb7 65. Ka5 Ka7 66. b5=
1/2-1/2

[Event "Under 2000"]
[Site "SchemingMind.com"]
[Date "2009.01.02"]
[Round "-"]
[White "iwegiel"]
[Black "schakert"]
[Result "1-0"]
[WhiteCountry "POL"]
[BlackCountry "NED"]
[WhiteElo "1942"]
[WhiteRD "65"]
[BlackElo "1705"]
[BlackRD "60"]
[GameID "185993"]

1. b4 a5 2. b5 c6 3. e4 e5 4. Bb2 d6 5. d4 Nd7 6. Nf3 f6 7. c4 cxb5 8. cxb5 a4 9. Be2 Ne7 10. O-O Ng6
11. Nc3 exd4 12. Nxd4 Nc5 13. Nd5 Nxe4 14. b6 a3 15. Nc7+ Kf7 16. Nxa8 axb2 17. Qb3+ d5 18. Qxb2 Bc5 19. Nc7 Nf4 20. Rad1 Nxe2+
21. Nxe2 Nxf2 22. Rxf2 Qd6 23. Rxd5 Bxf2+ 24. Kxf2 Qxh2 25. Qd4
1-0

[Event "Under 2000"]
[Site "SchemingMind.com"]
[Date "2009.01.01"]
[Round "-"]
[White "jtrochez1"]
[Black "iwegiel"]
[Result "0-1"]
[WhiteCountry "HON"]
[BlackCountry "POL"]
[WhiteElo "1546"]
[WhiteRD "48"]
[BlackElo "1942"]
[BlackRD "65"]
[GameID "185994"]

1. e4 e6 2. d4 d5 3. e5 c5 4. c3 Qb6 5. dxc5 Bxc5 6. Qc2 Nc6 7. Nf3 Nge7 8. Bd3 Ng6 9. O-O Ncxe5 10. Nxe5 Nxe5
11. b3 Nxd3 12. Qxd3 Be7 13. Bb2 Bf6 14. Nd2 Qc6 15. Rac1 b5 16. b4 Bb7 17. f3 O-O 18. Rc2 Rfc8 19. Nb3 Qb6+ 20. Kh1 Rc7
21. Ba3 Rac8 22. Bb2 d4 23. Nc5 dxc3 24. Bxc3 Bxc3 25. Rxc3 Bd5 26. Rd1 g6 27. Rdc1 Qd6 28. a3 a6 29. Qe3 Rc6 30. Rd1 Qe7
31. Rxd5 Qa7 32. Rd7 Qxd7 33. h3 Qc7 34. Rd3 Rd8 35. Rxd8+ Qxd8 36. Qd3 Qxd3 37. Nxd3 Rc3
0-1

[Event "Under 2000"]
[Site "SchemingMind.com"]
[Date "2009.01.02"]
[Round "-"]
[White "jdcald13"]
[Black "iwegiel"]
[Result "1/2-1/2"]
[WhiteCountry "USA"]
[BlackCountry "POL"]
[WhiteElo "1863"]
[WhiteRD "64"]
[BlackElo "1907"]
[BlackRD "66"]
[GameID "185995"]

1. d4 d5 2. c4 c6 3. Nf3 Nf6 4. Nc3 e6 5. Bg5 h6 6. Bh4 dxc4 7. e4 g5 8. Bg3 b5 9. a4 b4 10. Na2 Nxe4
11. Bxc4 Nxg3 12. hxg3 a5 13. Qd2 Bg7 14. b3 Bb7 15. O-O-O Nd7 16. Rde1 Nb6 17. Bxe6 fxe6 18. Rxe6+ Kd7 19. Rg6 Qe7 20. Re1 Qf7
21. Ne5+ Bxe5 22. dxe5+ Kc7 23. Qd6+ Kc8 24. Rd1 Nd5 25. e6 Qxg6 26. Qd7+ Kb8 27. Rxd5 Bc8 28. Qd6+ Kb7 29. Qe7+ Kb8 30. Qd6+= Kb7
31. Qe7+ Kb8 32. Qd6+ Kb7
1/2-1/2

[Event "Under 2000"]
[Site "SchemingMind.com"]
[Date "2009.01.02"]
[Round "-"]
[White "schakert"]
[Black "iwegiel"]
[Result "0-1"]
[WhiteCountry "NED"]
[BlackCountry "POL"]
[WhiteElo "1784"]
[WhiteRD "62"]
[BlackElo "1938"]
[BlackRD "71"]
[GameID "185996"]

1. e4 e6 2. d4 d5 3. exd5 exd5 4. Bd3 Nc6 5. c3 Bd6 6. Nf3 Nge7 7. h3 Be6 8. Bg5 Qd7 9. Nbd2 Bf5 10. Bxf5 Qxf5
11. Bxe7 Nxe7 12. Qa4+ c6 13. Qb3 O-O-O 14. c4 Rde8 15. O-O-O dxc4 16. Qxc4 f6 17. Rhe1 Nd5 18. g4 Qd7 19. Ne4 h5 20. Nxd6+ Qxd6
21. Nd2 hxg4 22. hxg4 Re6 23. Rxe6 Qxe6 24. f3 Qe3 25. Kb1 Kc7 26. Rc1 Qxd2
0-1

[Event "Under 2000"]
[Site "SchemingMind.com"]
[Date "2009.01.01"]
[Round "-"]
[White "waldron"]
[Black "jtrochez1"]
[Result "1-0"]
[WhiteCountry "USA"]
[BlackCountry "HON"]
[WhiteElo "2124"]
[WhiteRD "68"]
[BlackElo "1546"]
[BlackRD "48"]
[GameID "186011"]

1. d4 d5 2. c4 e6 3. Nc3 c6 4. Nf3 Nd7 5. e4 Bb4 6. cxd5 cxd5 7. e5 h6 8. Bd3 a6 9. O-O Bxc3 10. bxc3 Ne7
11. Re1 Nf5 12. Ba3 b5 13. Bxf5 exf5 14. e6 Nf6 15. exf7+ Kxf7 16. Ne5+ Kg8 17. Ng6 Rh7 18. Qb3 Ne4 19. Ne7+ Kh8 20. f3 Nf6
21. Ng6+ Kg8 22. Re5 Bb7 23. Rae1 Qc7 24. Re7 Qc8 25. R1e6 Bc6 26. Ne5 Bd7 27. Nxd7 Qc4 28. Qxc4 bxc4 29. Rxf6 g6 30. Rxg6+ Kh8
31. Rge6 Rxe7 32. Rxe7 Ra7 33. Nf6 Rxe7 34. Bxe7 Kg7 35. Nxd5 Kf7 36. Bb4 Ke6 37. Ne3 f4 38. Nxc4 Kd5 39. Nd2 h5 40. Bf8 a5
41. Bh6
1-0

[Event "Under 2000"]
[Site "SchemingMind.com"]
[Date "2009.01.02"]
[Round "-"]
[White "waldron"]
[Black "jdcald13"]
[Result "1-0"]
[WhiteCountry "USA"]
[BlackCountry "USA"]
[WhiteElo "2124"]
[WhiteRD "68"]
[BlackElo "1849"]
[BlackRD "66"]
[GameID "186012"]

1. c4 c5 2. g3 Nf6 3. Bg2 e6 4. Nf3 Nc6 5. O-O Be7 6. Nc3 d5 7. cxd5 exd5 8. d4 O-O 9. Bg5 c4 10. Ne5 Bf5
11. Bxf6 Bxf6 12. Bxd5 Nxe5 13. dxe5 Bxe5 14. Bxc4 Qc7 15. Bd5 Rad8 16. Qb3 Bh3 17. Rfd1 Bxc3 18. Rac1 Qe5 19. Rxc3 Qxe2 20. Re3 Qh5
21. Red3 Kh8 22. Bxb7 Rxd3 23. Qxd3 h6 24. b4 f5 25. b5 f4 26. Bc6 Bg4 27. Qd6 Rf7 28. Rd5 Qh3 29. Qb8+ Kh7 30. Rd8 fxg3
31. Rh8+ Kg6 32. hxg3 Bd7 33. Qd6+ Kh5 34. Qe5+ g5 35. f3 Qe6 36. g4+
1-0

[Event "Under 2000"]
[Site "SchemingMind.com"]
[Date "2009.01.02"]
[Round "-"]
[White "waldron"]
[Black "iwegiel"]
[Result "1-0"]
[WhiteCountry "USA"]
[BlackCountry "POL"]
[WhiteElo "2124"]
[WhiteRD "68"]
[BlackElo "1942"]
[BlackRD "65"]
[GameID "186014"]

1. c4 e5 2. g3 Nc6 3. Bg2 Nf6 4. Nc3 g6 5. d3 Bg7 6. e4 O-O 7. Nge2 d6 8. O-O Bg4 9. h3 Be6 10. Be3 Qd7
11. Kh2 Ne8 12. Qd2 f5 13. Nd5 Nd8 14. exf5 Bxf5 15. d4 Nf7 16. g4 Be6 17. f4 c6 18. f5 gxf5 19. gxf5 Bxf5 20. Rxf5 cxd5
21. Raf1
1-0

[Event "Under 2000"]
[Site "SchemingMind.com"]
[Date "2009.01.01"]
[Round "-"]
[White "jtrochez1"]
[Black "waldron"]
[Result "0-1"]
[WhiteCountry "HON"]
[BlackCountry "USA"]
[WhiteElo "1546"]
[WhiteRD "48"]
[BlackElo "2124"]
[BlackRD "68"]
[GameID "186015"]

1. e4 e5 2. Nf3 Nc6 3. d4 exd4 4. Nxd4 Nf6 5. Nxc6 bxc6 6. Bd3 d5 7. e5 Ng4 8. Bf4 Bc5 9. Bg3 Qe7 10. O-O h5
11. c4 h4 12. Bf4 g5 13. Bd2 Qxe5 14. Re1 Bxf2+ 15. Kf1 Bxe1 16. Qxe1 Qxe1+ 17. Bxe1 Nxh2+ 18. Kg1 Ng4 19. Nd2 Ne5 20. Be2 Bf5
21. b3 O-O-O 22. Nf3 Nxf3+ 23. Bxf3 g4 24. cxd5 gxf3 25. gxf3 Rxd5 26. Kf2 h3 27. Bc3 Rg8 28. Rh1 Rg2+ 29. Ke1 Bc2
0-1

[Event "Under 2000"]
[Site "SchemingMind.com"]
[Date "2009.01.02"]
[Round "-"]
[White "jdcald13"]
[Black "waldron"]
[Result "0-1"]
[WhiteCountry "USA"]
[BlackCountry "USA"]
[WhiteElo "1849"]
[WhiteRD "66"]
[BlackElo "2124"]
[BlackRD "68"]
[GameID "186016"]

1. e4 c6 2. d4 d5 3. e5 Na6 4. Nf3 Bf5 5. Bxa6 Qa5+ 6. c3 Qxa6 7. Nbd2 e6 8. Nb3 h5 9. Nc5 Bxc5 10. dxc5 Bg4
11. h3 Bxf3 12. Qxf3 Ne7 13. Be3 Ng6 14. Bd4 b6 15. cxb6 axb6 16. Qe2 Qxe2+ 17. Kxe2 c5 18. Be3 Nxe5 19. b3 Kd7 20. a4 Nc6
21. f4 h4 22. Kf3 Kd6 23. Kg4 f6 24. Bf2 g5 25. fxg5 fxg5 26. Kf3 Rhf8+ 27. Ke2 d4 28. Rad1 e5 29. g3 hxg3 30. Bxg3 Kd5
31. h4 g4 32. h5 Rf3 33. Be1 e4 34. h6 d3+ 35. Kd2 Ne5 36. h7 e3+ 37. Kc1 Rh3 38. Bg3 e2 39. Rdg1 Nf3 40. Rxh3 gxh3
41. Bb8 Rxb8 42. Rg8 e1=Q+ 43. Kb2 Qd2+
0-1

[Event "Under 2000"]
[Site "SchemingMind.com"]
[Date "2009.01.02"]
[Round "-"]
[White "schakert"]
[Black "waldron"]
[Result "0-1"]
[WhiteCountry "NED"]
[BlackCountry "USA"]
[WhiteElo "1784"]
[WhiteRD "62"]
[BlackElo "2090"]
[BlackRD "72"]
[GameID "186017"]

1. e4 c6 2. d4 d5 3. exd5 cxd5 4. Bd3 Nc6 5. c3 Qc7 6. Qf3 Nf6 7. Bf4 Qb6 8. b4 h6 9. Ne2 Bg4 10. Qe3 Nh5
11. Bd6 Qd8 12. Bc5 b6 13. b5 bxc5 14. bxc6 c4 15. Bc2 Nf6 16. f3 Bc8 17. a4 Qb6 18. a5 Qb2
0-1

[Event "Under 2000"]
[Site "SchemingMind.com"]
[Date "2009.01.02"]
[Round "-"]
[White "iwegiel"]
[Black "waldron"]
[Result "0-1"]
[WhiteCountry "POL"]
[BlackCountry "USA"]
[WhiteElo "1938"]
[WhiteRD "71"]
[BlackElo "2090"]
[BlackRD "72"]
[GameID "186018"]

1. e4 e6 2. Qe2 c5 3. Nf3 Nc6 4. g3 d6 5. Bg2 Qc7 6. c3 Nf6 7. O-O Be7 8. d4 O-O 9. e5 dxe5 10. dxe5 Nd7
11. Bf4 b6 12. Na3 a6 13. Rfe1 b5 14. h4 Bb7 15. Rad1 c4 16. Nc2 Nc5 17. Rd2 Rad8 18. Red1 Rxd2 19. Rxd2 Nd3 20. Nce1 Nxf4
21. gxf4 Rd8 22. Ng5 h6 23. Qh5 Bxg5 24. hxg5 Rxd2 25. gxh6 g6
0-1

[Event "Under 2000"]
[Site "SchemingMind.com"]
[Date "2009.01.03"]
[Round "-"]
[White "Milan"]
[Black "jtrochez1"]
[Result "1-0"]
[WhiteCountry "CZE"]
[BlackCountry "HON"]
[WhiteElo "1780"]
[WhiteRD "60"]
[BlackElo "1546"]
[BlackRD "48"]
[GameID "186254"]

1. d4 Nf6 2. Nf3 h6 3. e3 e6 4. Bd3 Nc6 5. Nbd2 d5 6. c3 a6 7. O-O Bd6 8. e4 dxe4 9. Nxe4 Nxe4 10. Bxe4 Bd7
11. Qe2 Qe7 12. Re1 O-O 13. Bc2 Nd8 14. Ne5 Bxe5 15. dxe5 Bb5 16. Qe4 f5 17. Qf3 Bc6 18. Qg3 Kh8 19. Bb3 g5 20. Qh3 Nf7
21. Be3 Kh7 22. Bc2 Be4 23. Bxe4 fxe4 24. b4 b6 25. a4 Rae8 26. a5 b5 27. Bc5 Nd6 28. exd6 cxd6 29. Be3 Qg7 30. Bd4 Qf7
31. Rxe4 e5 32. Bb6 d5 33. Re2 e4 34. Bc5 Rg8 35. Qe3 Qf4 36. g3 Qf3 37. Qxf3 exf3 38. Re3 g4 39. Rae1 Rxe3 40. fxe3 Rg7
41. Kf2 h5 42. h3 Kg8 43. hxg4 hxg4 44. Rh1 Rh7 45. Rxh7 Kxh7 46. e4 dxe4 47. Ke3 Kg6 48. Kxe4 Kg5 49. Be3+ Kf6 50. Kf4 Ke6
51. Kxg4 f2 52. Bxf2 Kd5 53. Kf5 Kc4 54. Bd4 Kd5 55. g4
1-0

[Event "Under 2000"]
[Site "SchemingMind.com"]
[Date "2009.01.03"]
[Round "-"]
[White "Milan"]
[Black "jdcald13"]
[Result "0-1"]
[WhiteCountry "CZE"]
[BlackCountry "USA"]
[WhiteElo "1713"]
[WhiteRD "66"]
[BlackElo "1881"]
[BlackRD "78"]
[GameID "186255"]

1. d4 Nf6 2. Nf3 g6 3. Nbd2 Bg7 4. e4 d6 5. c3 O-O 6. Bd3 Nbd7 7. O-O e5 8. Re1 c6 9. a4 Qc7 10. b3 Re8
11. Ba3 a6 12. Nc4 Bf8 13. Bf1 b6 14. b4 b5 15. Ncd2 Bb7 16. a5 exd4 17. cxd4 c5 18. dxc5 dxc5 19. bxc5 Nxe4 20. Nxe4 Bxe4
21. Rc1 Qxa5 22. Ra1 Bxf3 23. gxf3 Rxe1 24. Qxe1 Qxe1 25. Rxe1 Nxc5 26. Rc1 Ne6 27. Bxf8 Kxf8 28. Ra1 b4
0-1

[Event "Under 2000"]
[Site "SchemingMind.com"]
[Date "2009.01.03"]
[Round "-"]
[White "Milan"]
[Black "schakert"]
[Result "1/2-1/2"]
[WhiteCountry "CZE"]
[BlackCountry "NED"]
[WhiteElo "1713"]
[WhiteRD "66"]
[BlackElo "1784"]
[BlackRD "62"]
[GameID "186256"]

1. d4 f5 2. e4 fxe4 3. Nc3 Nf6 4. Bg5 e6 5. Nxe4 Be7 6. Nxf6+ Bxf6 7. Bxf6 Qxf6 8. Nf3 b6 9. Be2 Bb7 10. Qd3 Ba6
11. Qd2 Bxe2 12. Qxe2 O-O 13. Qe5 d6 14. Qxf6 gxf6 15. O-O-O e5 16. dxe5 fxe5 17. Rhf1 Nc6 18. c3 e4 19. Ng5 Rae8 20. f3 exf3
21. Rxf3 Ne5=
1/2-1/2

[Event "Under 2000"]
[Site "SchemingMind.com"]
[Date "2009.01.03"]
[Round "-"]
[White "Milan"]
[Black "iwegiel"]
[Result "0-1"]
[WhiteCountry "CZE"]
[BlackCountry "POL"]
[WhiteElo "1713"]
[WhiteRD "66"]
[BlackElo "1938"]
[BlackRD "71"]
[GameID "186257"]

1. d4 d5 2. Nf3 Nf6 3. e3 Bg4 4. c4 e6 5. Qb3 b6 6. Ne5 c6 7. cxd5 exd5 8. Nxg4 Nxg4 9. Nd2 Bd6 10. Nf3 O-O
11. Bd3 Re8 12. O-O Qc7 13. h3 Nf6 14. Bd2 Nbd7 15. Rac1 c5 16. dxc5 bxc5 17. Qa4 Ne4 18. Ba5 Nb6 19. Qc2 Qe7 20. Bxe4 dxe4
21. Nd2 Qe5 22. g3 Re6 23. Bxb6 axb6 24. Nc4 Qf5 25. Nxd6 Rxd6 26. Kg2 Qf3+ 27. Kh2 Rad8 28. Qa4 Rd2 29. Kg1 h5 30. Rc2 R2d6
31. Qc4 h4 32. Qe2 Qf5 33. Qg4 Qxg4 34. hxg4 hxg3 35. fxg3 Rd3 36. Rc3 Rxc3 37. bxc3 Rd3 38. Rc1 Rxe3 39. Kf2 Rf3+ 40. Kg2 c4
41. a4 Kh7 42. Rc2 Kg6 43. Kh3 Rd3 44. Rb2 Rxc3 45. Rxb6+ f6 46. Re6 e3 47. a5 Ra3 48. a6 e2 49. Rxe2 Rxa6 50. Rc2 Rc6
0-1

[Event "Under 2000"]
[Site "SchemingMind.com"]
[Date "2009.01.03"]
[Round "-"]
[White "Milan"]
[Black "waldron"]
[Result "0-1"]
[WhiteCountry "CZE"]
[BlackCountry "USA"]
[WhiteElo "1713"]
[WhiteRD "66"]
[BlackElo "2090"]
[BlackRD "72"]
[GameID "186258"]

1. d4 Nf6 2. Nf3 e6 3. e3 b6 4. Bd3 Bb7 5. O-O Be7 6. Nbd2 d5 7. Ne5 O-O 8. f4 c5 9. c3 Ne4 10. Qf3 f6
11. Ng4 f5 12. Ne5 Nd7 13. g4 Rf6 14. gxf5 exf5 15. Kh1 Rh6 16. Rg1 Ndf6 17. Qg2 Qf8 18. Ndf3 Bd6 19. a4 cxd4 20. cxd4 Rc8
21. Bd2 Ng4 22. Nxg4 fxg4 23. Ne5 g3 24. Ng4 Rxh2+
0-1

[Event "Under 2000"]
[Site "SchemingMind.com"]
[Date "2009.01.03"]
[Round "-"]
[White "jtrochez1"]
[Black "Milan"]
[Result "0-1"]
[WhiteCountry "HON"]
[BlackCountry "CZE"]
[WhiteElo "1546"]
[WhiteRD "48"]
[BlackElo "1780"]
[BlackRD "60"]
[GameID "186259"]

1. e4 c6 2. d4 d5 3. e5 Bf5 4. Bd3 Bxd3 5. Qxd3 Qa5+ 6. c3 e6 7. Nd2 Qa6 8. Qxa6 Nxa6 9. Ngf3 Ne7 10. Nh4 c5
11. f4 cxd4 12. cxd4 Nb4 13. O-O Nc2 14. Rb1 Nxd4 15. Nhf3 Nef5 16. Nxd4 Nxd4 17. b3 Ne2+ 18. Kh1 Nxc1 19. Rfxc1 Kd7 20. b4 b6
21. a3 Be7 22. Nf3 Rhc8 23. Kg1 Rxc1+ 24. Rxc1 Rc8 25. Rxc8 Kxc8 26. Kf2 a5 27. bxa5 Bxa3 28. axb6 Bc5+ 29. Ke2 Bxb6 30. Kd3 Kc7
31. Nd4 Bxd4 32. Kxd4 Kc6 33. g4 g6 34. h4 h5 35. g5 Kb5 36. Kc3 Ka4 37. Kd4 Kb4 38. Ke3 Kc3 39. Ke2 d4 40. Kd1 Kd3
41. Ke1 Kc2
0-1

[Event "Under 2000"]
[Site "SchemingMind.com"]
[Date "2009.01.03"]
[Round "-"]
[White "jdcald13"]
[Black "Milan"]
[Result "1/2-1/2"]
[WhiteCountry "USA"]
[BlackCountry "CZE"]
[WhiteElo "1881"]
[WhiteRD "78"]
[BlackElo "1713"]
[BlackRD "66"]
[GameID "186260"]

1. d4 d5 2. c4 c6 3. Nc3 Nf6 4. Nf3 a6 5. e3 b5 6. cxd5 cxd5 7. Bd3 Bb7 8. O-O e6 9. Re1 Be7 10. e4 dxe4
11. Nxe4 Nxe4 12. Bxe4 Bxe4 13. Rxe4 O-O 14. Bf4 Bd6 15. Be5 Nc6 16. Qe2 Nxe5 17. dxe5 Be7 18. Rd1 Qc7 19. Rg4 Rad8 20. Rxd8 Rxd8
21. h3 Qc1+ 22. Kh2 Qc7 23. Ng5 Bxg5 24. Rxg5 f6 25. Rg3 Qxe5 26. Qg4 g6 27. f4 Qf5 28. Qxf5 exf5 29. Ra3 Rd6 30. Kg3 Kf7=
1/2-1/2

[Event "Under 2000"]
[Site "SchemingMind.com"]
[Date "2009.01.03"]
[Round "-"]
[White "schakert"]
[Black "Milan"]
[Result "0-1"]
[WhiteCountry "NED"]
[BlackCountry "CZE"]
[WhiteElo "1705"]
[WhiteRD "60"]
[BlackElo "1780"]
[BlackRD "60"]
[GameID "186261"]

1. d4 d5 2. g3 c6 3. Bg2 Nf6 4. Nf3 Bf5 5. c4 e6 6. cxd5 cxd5 7. Qb3 Qa5+ 8. Bd2 Qc7 9. Bf4 Qa5+ 10. Nc3 Qb4
11. O-O Qxb3 12. axb3 a6 13. Na4 Nbd7 14. Ne5 Nxe5 15. Bxe5 Nd7 16. Bf4 Be7 17. f3 O-O 18. e4 dxe4 19. fxe4 Bg6 20. Rac1 Rac8
21. Nc3 h6 22. d5 e5 23. Be3 Bc5 24. Bxc5 Nxc5 25. b4 Nd3 26. Rc2 Nxb4 27. Rd2 a5 28. Bh3 Rcd8 29. Bg2 Na6 30. Na4 Rd6
31. Rc2 Rxd5 32. exd5 Bxc2 33. Nb6 Rd8 34. Rc1 Nb4 35. Nc4 e4 36. Ne3 Bd3 37. Rc7 Nxd5 38. Nxd5 Rxd5 39. Rxb7 Rc5 40. Rb8+ Kh7
41. h4 f5 42. Bh3 Rc1+ 43. Kf2 Rc5 44. Ke3 Kg6 45. Kf4 Kh5 46. Rh8 Rb5 47. Bxf5 Rxb2 48. Rg8 Rb7 49. Bg4+ Kg6 50. Bf5+ Kf7
51. Rd8 Ra7 52. Bxe4 Bxe4 53. Kxe4 a4 54. Rd2 a3 55. Ra2 Ke6
0-1

[Event "Under 2000"]
[Site "SchemingMind.com"]
[Date "2009.01.03"]
[Round "-"]
[White "iwegiel"]
[Black "Milan"]
[Result "1/2-1/2"]
[WhiteCountry "POL"]
[BlackCountry "CZE"]
[WhiteElo "1938"]
[WhiteRD "71"]
[BlackElo "1713"]
[BlackRD "66"]
[GameID "186262"]

1. Nf3 c6 2. b3 Nf6 3. Bb2 d5 4. e3 Bg4 5. Be2 e6 6. O-O Be7 7. h3 Bxf3 8. Bxf3 O-O 9. d3 Nbd7 10. Nd2 Qc7
11. Qe2 Ne5 12. c4 Nxf3+ 13. Nxf3 dxc4 14. dxc4 Rfd8 15. Rfd1 Rxd1+ 16. Rxd1 Rd8 17. Bc3 Rxd1+ 18. Qxd1 Qd7 19. Qd2 Qxd2= 20. Nxd2 Nd7
21. Kf1 h5 22. Ke2 f5 23. Nf3 Kf7 24. b4 g5 25. Kd3 g4 26. Ne5+ Nxe5+ 27. Bxe5 Bxb4 28. Bd4 a6=
1/2-1/2

[Event "Under 2000"]
[Site "SchemingMind.com"]
[Date "2009.01.03"]
[Round "-"]
[White "waldron"]
[Black "Milan"]
[Result "1-0"]
[WhiteCountry "USA"]
[BlackCountry "CZE"]
[WhiteElo "2090"]
[WhiteRD "72"]
[BlackElo "1713"]
[BlackRD "66"]
[GameID "186263"]

1. e4 c6 2. d4 d5 3. exd5 cxd5 4. c4 Nf6 5. Nc3 e6 6. Nf3 Bb4 7. Bd3 dxc4 8. Bxc4 Qc7 9. Qd3 O-O 10. O-O Bxc3
11. bxc3 b6 12. Bg5 Nbd7 13. Rfe1 Bb7 14. Bb3 Rac8 15. c4 Qd6 16. Rad1 Rfd8 17. h3 Nc5 18. Qe3 Nce4 19. Bf4 Qf8 20. Ne5 Qa3
21. f3 Nd6 22. Bg5 Nf5 23. Qf2 Qf8 24. Ng4 Nxg4 25. hxg4 Ne7 26. d5 f6 27. Bc1 exd5 28. Ba3 Re8 29. cxd5
1-0